Capitol Power Plant : Background and Greening Options.

Provides background on history and operations of the Capitol Power Plant, which produces steam and chilled water for heating and cooling of Capitol complex buildings. Addresses criticism of Capitol Power Plant "green" programs, and examines options to reduce environmental impact of the Pla...

Full description

Bibliographic Details
Corporate Authors: Library of Congress. Congressional Research Service, ProQuest (Firm)
Format: eBook
Language:English
Published: [Place of publication not identified] : [publisher not identified], 2009.
Series:U.S. Congressional Research.
Subjects:
Online Access:Connect to the full text of this electronic book

MARC

Tag First Indicator Second Indicator Subfields
LEADER 00000cam a22000001a 4500
001 in00003411721
006 m d f
007 cr bn mmmapmmp
008 101223s2009 dcu o f000 0 eng d
005 20260429193818.2
035 |a cis2007871244 
040 |a ProQuest  |c ProQuest  |d UtOrBLW 
043 |a n-us--- 
099 |a CRS-2009-GVF-0503 
110 2 |a Library of Congress.  |b Congressional Research Service. 
245 1 0 |a Capitol Power Plant :  |b Background and Greening Options. 
264 1 |a [Place of publication not identified] :  |b [publisher not identified],  |c 2009. 
300 |a 1 online resource. 
336 |a text  |b txt  |2 rdacontent 
337 |a computer  |b c  |2 rdamedia 
338 |a online resource  |b cr  |2 rdacarrier 
500 |a Record is based on bibliographic data in ProQuest U.S. Congressional Research Digital Collection (last viewed Dec. 2010). Reuse except for individual research requires license from ProQuest, LLC. 
500 |a CRS Report. 
520 |a Provides background on history and operations of the Capitol Power Plant, which produces steam and chilled water for heating and cooling of Capitol complex buildings. Addresses criticism of Capitol Power Plant "green" programs, and examines options to reduce environmental impact of the Plant. 
500 |a Electronic resource. 
610 2 0 |a United States Capitol (Washington, D.C.) 
650 0 |a Pollution. 
655 7 |a Electronic books.  |2 local 
710 2 |a ProQuest (Firm) 
776 0 8 |i Microfiche version:   |a Library of Congress. Congressional Research Service.  |t Capitol Power Plant 
830 0 |a U.S. Congressional Research. 
856 4 0 |u http://proxy.library.tamu.edu/login?url=https://congressional.proquest.com/congcomp/getdoc?CRDC-ID=CRS-2009-GVF-0503  |z Connect to the full text of this electronic book  |t 0 
999 |a MARS 
999 f f |s 126fdd43-7472-3ca2-8b8e-01eceb664480  |i 3d63bcee-b693-3363-837d-6d75092e68c5  |t 0 
952 f f |a Texas A&M University  |b College Station  |c Electronic Resources  |s www_evans  |d Available Online  |t 0  |e CRS-2009-GVF-0503  |h Other scheme 
998 f f |a CRS-2009-GVF-0503  |t 0  |l Available Online